Alle Sieger von F1-Rennen in Brasilien - Statistiken

Allgemein
  • Dieses Quiz wurde 217 mal gespielt
    148 seit der letzten Aktualisierung
  • Das Durchschnittsergebnis liegt bei 40 aus 49
Antwortstatistiken
Nr. Jahr Strecke Konstrukteur Nationalität Fahrer % Korrekt
44 2016 São Paulo Mercedes GBR Lewis Hamilton
100%
46 2018 São Paulo Mercedes GBR Lewis Hamilton
100%
48 2021 São Paulo Mercedes GBR Lewis Hamilton
100%
47 2019 São Paulo Red Bull NED Max Verstappen
100%
38 2010 São Paulo Red Bull GER Sebastian Vettel
100%
41 2013 São Paulo Red Bull GER Sebastian Vettel
100%
45 2017 São Paulo Ferrari GER Sebastian Vettel
100%
22 1994 São Paulo Benetton GER Michael Schumacher
99%
23 1995 São Paulo Benetton GER Michael Schumacher
99%
28 2000 São Paulo Ferrari GER Michael Schumacher
99%
30 2002 São Paulo Ferrari GER Michael Schumacher
99%
42 2014 São Paulo Mercedes GER Nico Rosberg
99%
43 2015 São Paulo Mercedes GER Nico Rosberg
99%
40 2012 São Paulo McLaren GBR Jenson Button
97%
35 2007 São Paulo Ferrari FIN Kimi Räikkönen
95%
19 1991 São Paulo McLaren BRA Ayrton Senna
94%
21 1993 São Paulo McLaren BRA Ayrton Senna
94%
10 1982 Rio de Janeiro Renault FRA Alain Prost
91%
12 1984 Rio de Janeiro McLaren FRA Alain Prost
91%
13 1985 Rio de Janeiro McLaren FRA Alain Prost
91%
15 1987 Rio de Janeiro McLaren FRA Alain Prost
91%
16 1988 Rio de Janeiro McLaren FRA Alain Prost
91%
18 1990 São Paulo Ferrari FRA Alain Prost
91%
26 1998 São Paulo McLaren FIN Mika Häkkinen
91%
27 1999 São Paulo McLaren FIN Mika Häkkinen
91%
34 2006 São Paulo Ferrari BRA Felipe Massa
90%
36 2008 São Paulo Ferrari BRA Felipe Massa
90%
49 2022 São Paulo Mercedes GBR George Russell
90%
37 2009 São Paulo Red Bull AUS Mark Webber
90%
39 2011 São Paulo Red Bull AUS Mark Webber
90%
4 1976 São Paulo Ferrari AUT Niki Lauda
85%
24 1996 São Paulo Williams GBR Damon Hill
82%
25 1997 São Paulo Williams CAN Jacques Villeneuve
82%
17 1989 Rio de Janeiro Ferrari GBR Nigel Mansell
78%
20 1992 São Paulo Williams GBR Nigel Mansell
78%
11 1983 Rio de Janeiro Brabham BRA Nelson Piquet
77%
14 1986 Rio de Janeiro Williams BRA Nelson Piquet
77%
1 1973 São Paulo Lotus BRA Emerson Fittipaldi
71%
2 1974 São Paulo McLaren BRA Emerson Fittipaldi
71%
32 2004 São Paulo Williams COL Juan Pablo Montoya
70%
33 2005 São Paulo McLaren COL Juan Pablo Montoya
70%
29 2001 São Paulo McLaren GBR David Coulthard
68%
31 2003 São Paulo Jordan ITA Giancarlo Fisichella
53%
5 1977 São Paulo Ferrari ARG Carlos Reutemann
46%
6 1978 Rio de Janeiro Ferrari ARG Carlos Reutemann
46%
9 1981 Rio de Janeiro Williams ARG Carlos Reutemann
46%
8 1980 São Paulo Renault FRA René Arnoux
33%
3 1975 São Paulo Brabham BRA Carlos Pace
16%
7 1979 São Paulo Ligier FRA Jacques Laffite
12%
Keine übereinstimmenden Quizze gefunden
Verteilung der Resultate
Anzahl Personen mit jedem Resultat
Perzentil nach korrekt beantworteten Fragen
Ihre Resultats-Entwicklung
Sie haben dieses Quiz seit der letzten Aktualisierung nicht gespielt